Investment promotion Act. B.E. 2520; Vol.94
Đã lưu trong:
| 格式: | 圖書 |
|---|---|
| 語言: | Undetermined |
| 出版: |
Government Gazette
|
| 主題: | |
| 標簽: |
添加標簽
沒有標簽, 成為第一個標記此記錄!
|
| Thư viện lưu trữ: | Trung tâm Học liệu Trường Đại học Cần Thơ |
|---|
| LEADER | 00392nam a2200133Ia 4500 | ||
|---|---|---|---|
| 001 | CTU_84936 | ||
| 008 | 210402s9999 xx 000 0 und d | ||
| 082 | |a 332.63 | ||
| 082 | |b I.62/Vol.94 | ||
| 245 | 0 | |a Investment promotion Act. B.E. 2520; Vol.94 | |
| 245 | 0 | |c Government Gazette | |
| 260 | |a Government Gazette | ||
| 650 | |a investment | ||
| 980 | |a Trung tâm Học liệu Trường Đại học Cần Thơ | ||